Loading...

Harmonic analysis on semi-simple Lie Groups I

Bibliographic Details
Main Author: Warner, Garth
Format: Printed Book
Published: Springer-Verlag, New York 1972
Subjects:
LEADER 00503nam a2200169 4500
082 |a 515.2433 WAR-H 
100 |a Warner, Garth 
245 |a Harmonic analysis on semi-simple Lie Groups I  |c Garth Warner 
250
260 |a Springer-Verlag, New York  |c 1972 
300 |a 529 p 
490
650 |a Fourier and harmonic analysis 
700
942 |c BK 
999 |c 204260  |d 204260 
952 |0 0  |1 0  |4 0  |6 515_243300000000000_WARH  |7 0  |9 217609  |a MAT  |b MAT  |l 0  |o 515.2433 WAR-H  |p MAT5622  |r 2019-11-01  |w 2019-11-01  |y BK